| Tag |
First Indicator |
Second Indicator |
Subfields |
| LEADER |
00000cam a2200000 i 4500 |
| 001 |
in00000042313 |
| 005 |
20151007072641.0 |
| 008 |
800606s1970 caua j 00010 eng d |
| 020 |
|
|
|a 0514024038
|
| 035 |
|
|
|a (OCoLC)06395072
|
| 035 |
|
|
|9 AAE8299AM
|
| 040 |
|
|
|a TXA
|c TXA
|d UtOrBLW
|
| 049 |
|
|
|a [Curr Col] TXAM
|c 1 [1558759], 2 [1558760]
|
| 090 |
|
|
|a H95
|b .G763
|
| 100 |
1 |
|
|a Grossman, Ruth H.
|
| 245 |
1 |
0 |
|a People, places, products /
|c Ruth H. Grossman, John U. Michaelis ; reading consultant, Mildred K. Rudolph.
|
| 264 |
|
1 |
|a San Francisco, Calif. :
|b Field Educational Publications,
|c [1970]
|
| 264 |
|
4 |
|c ©1970
|
| 300 |
|
|
|a 160 pages :
|b color illustrations ;
|c 27 cm.
|
| 336 |
|
|
|a text
|b txt
|2 rdacontent
|
| 337 |
|
|
|a unmediated
|b n
|2 rdamedia
|
| 338 |
|
|
|a volume
|b nc
|2 rdacarrier
|
| 490 |
1 |
|
|a Field social studies program
|
| 500 |
|
|
|a Gr. 2.
|
| 650 |
|
0 |
|a Social sciences
|v Juvenile literature.
|
| 700 |
1 |
|
|a Michaelis, John Udell,
|d 1912-
|
| 830 |
|
0 |
|a Field social studies program.
|
| 999 |
|
|
|a MARS
|
| 999 |
f |
f |
|s 32f6baba-dcc2-3077-a3ce-3dff1d943b69
|i 9eb3e12c-c224-32a8-b67c-ab4743ade512
|t 0
|
| 952 |
f |
f |
|p ric
|a Texas A&M University
|b Rellis Campus
|c Joint Library Facility
|d Remote Storage
|t 0
|e H95 .G763
|h Library of Congress classification
|i unmediated -- volume
|m A14800215929
|
| 998 |
f |
f |
|a H95 .G763
|t 0
|l Remote Storage
|